000
00350nam a2200157Ia 4500
008
210210b xxu||||| |||| 00| 0 eng d
041
_a
eng
082
_a
336/29
100
_a
BABIAN (Haig)
245
_a
Permanent frontier
260
_a
New York
_b
-
_c
650
_a
Permanent
650
_a
frontier
690
_a
Economic History
906
_a
004766
999
_c
128050
_d
128050